Queensland Premiers Quiz - Statistics

General Stats
  • This quiz has been taken 49 times
    11 since last reset
  • The average score is 7 of 41
Answer Stats
Time in Office Premier % Correct
2023-2024 Steven Miles
82%
2015-2023 Annastacia Palaszczuk
73%
1968-1987 Joh Bjelke-Petersen
73%
2007-2012 Anna Bligh
64%
2024-present David Crisafulli
64%
1998-2007 Peter Beattie
64%
2012-2015 Campbell Newman
55%
1989-1996 Wayne Goss
45%
1987-1989 Mike Ahem
18%
1919-1925 Ted Theodore
18%
1915-1919 Thomas Joseph Ryan
18%
1932-1942 William Forgan Smith
18%
1929-1932 Arthur Edward Moore
9%
1866-1866 1866-1867 1874-1876 Arthur Macalister
9%
1903-1906 Arthur Morgan
9%
1870-1874 Arthur Palmer
9%
1942-1946 Frank Cooper
9%
1957-1968 Frank Nicklin
9%
1968-1968 Gordon Chalk
9%
1996-1998 Rob Borbidge
9%
1952-1957 Vince Gair
9%
1899-1899 Anderson Dawson
0%
1888-1890 Boyd Dunlop Morehead
0%
1868-1870 Charles Lilley
0%
1911-1915 Digby Denham
0%
1876-1877 George Thorn
0%
1893-1898 Hugh Nelson
0%
1968-1968 Jack Pizzey
0%
1898-1899 James Dickson
0%
1877-1879 John Douglas
0%
1946-1952 Ned Hanlon
0%
1859-1866 1866-1866 Robert Herbert
0%
1867-1868 Robert Mackenzie
0%
1899-1903 1907-1908 Robert Philp
0%
1989-1989 Russell Cooper
0%
1883-1888 1890-1893 Samuel Griffith
0%
1898-1898 Thomas Joseph Byrnes
0%
1879-1883 1888-1888 1893-1893 Thomas McIlwraith
0%
1925-1925 William Gillies
0%
1906-1907 1908-1911 William Kidston
0%
1925-1929 William McCormack
0%
No matching quizzes found
Score Distribution
Percent of People with Each Score
Percentile by Number Answered
Your Score History
You have not taken this quiz since the last reset